[Event "FRA-chT2 0910"]
[Site "France"]
[Date "2009.12.13"]
[Round "6.7"]
[White "Meunier, Clement"]
[Black "Vigneron, Quentin"]
[Result "0-1"]
[WhiteElo "1876"]
[BlackElo "1927"]
[PlyCount "167"]
[EventDate "2009.09.27"]
[EventType "team"]
[EventRounds "11"]
[EventCountry "FRA"]
[Source "ChessBase"]
[SourceDate "2010.03.11"]

1. e4 d5 2. exd5 Qxd5 3. Nc3 Qa5 4. g3 Nf6 5. Bg2 c6 6. Nf3 Bf5 7. d3 e6 8. O-O
Be7 9. Bd2 Qc7 10. a3 O-O 11. Qe1 Nbd7 12. Nd4 Bg6 13. b4 a6 14. Bh3 Rae8 15.
Kh1 Nb6 16. Nce2 c5 17. bxc5 Bxc5 18. Ba5 Qd6 19. Nb3 Nbd5 20. Nxc5 Qxc5 21. c4
Bxd3 22. cxd5 Bxe2 23. Bb4 Qc2 24. Qb1 Rc8 25. dxe6 Bxf1 26. Qxf1 Qe4+ 27. Qg2
fxe6 28. Re1 Qxg2+ 29. Kxg2 Rfe8 30. Bxe6+ Rxe6 31. Rxe6 Rc7 32. Kf3 Kf7 33.
Re5 Rd7 34. h4 Rd3+ 35. Ke2 Rd7 36. f3 Nd5 37. Bd2 Re7 38. Rxe7+ Kxe7 39. Kd3
Kd6 40. Kd4 b5 41. g4 g6 42. f4 Nf6 43. g5 Nd5 44. Bb4+ Ke6 45. Ke4 Nb6 46. Bc5
Nd5 47. Bb4 Nb6 48. Bc5 Nc4 49. Bb4 a5 50. Be1 Nxa3 51. Bxa5 Nc4 52. Be1 Nd6+
53. Kd4 Nf5+ 54. Kc5 Ne3 55. Kxb5 Ng2 56. Bd2 Kf5 57. Kc5 Nxh4 58. Kd4 Ng2 59.
Kd3 Nxf4+ 60. Ke3 Nh3 61. Kf3 Nxg5+ 62. Kg2 h5 63. Be3 Kg4 64. Bb6 h4 65. Bc7
h3+ 66. Kh1 Nf3 67. Bd6 Kh4 68. Bg3+ Kh5 69. Bd6 g5 70. Bc7 Kg4 71. Bd6 Nd4 72.
Kh2 Ne2 73. Bc7 Nd4 74. Bd6 Nf3+ 75. Kh1 Kf5 76. Bg3 g4 77. Bc7 Ke4 78. Bf4 Nd4
79. Bd6 Kf3 80. Kh2 Nc2 81. Bg3 Ne3 82. Bc7 Nf1+ 83. Kg1 g3 84. Kh1 0-1

[Event "FRA-chT2 0910"]
[Site "France"]
[Date "2009.12.13"]
[Round "6.7"]
[White "Toth, Charles"]
[Black "Clodin, Richard"]
[Result "0-1"]
[WhiteElo "1792"]
[BlackElo "2044"]
[PlyCount "114"]
[EventDate "2009.09.27"]
[EventType "team"]
[EventRounds "11"]
[EventCountry "FRA"]
[Source "ChessBase"]
[SourceDate "2010.03.11"]

1. Nc3 g6 2. e4 Bg7 3. d4 d6 4. f4 a6 5. Nf3 b5 6. Bd3 Nd7 7. O-O Bb7 8. Ne2
Ngf6 9. Ng3 e6 10. c3 O-O 11. Bd2 c5 12. f5 e5 13. d5 c4 14. Bc2 Nc5 15. Bg5 h6
16. Bxf6 Bxf6 17. fxg6 fxg6 18. Qd2 Kh7 19. Rf2 Bh4 20. Nxh4 Qxh4 21. Raf1 Qe7
22. Rf3 Kg7 23. Nh1 Rxf3 24. Rxf3 Bc8 25. Nf2 Bd7 26. Bd1 Rf8 27. Rxf8 Qxf8 28.
Qe3 Qf4 29. Qxf4 exf4 30. Bf3 Kf6 31. h3 Ke5 32. Kh2 Na4 33. Nd1 Nc5 34. Nf2
Na4 35. Nd1 g5 36. b3 cxb3 37. axb3 Nc5 38. b4 Nxe4 39. Kg1 Bf5 40. Kf1 Nd2+
41. Ke2 Nxf3 42. Kxf3 Kxd5 43. Nb2 Be4+ 44. Kf2 Bc2 45. Kf3 h5 46. h4 Be4+ 47.
Kf2 gxh4 48. Kg1 f3 49. gxf3 Bxf3 50. Kf2 Ke4 51. c4 Bg4 52. c5 dxc5 53. bxc5
Kd5 54. Nd3 Kd4 55. Nb4 Kxc5 56. Nxa6+ Kc4 57. Nc7 b4 0-1

[Event "FRA-chT2 0910"]
[Site "France"]
[Date "2009.12.13"]
[Round "6.7"]
[White "Zaninetti, Laurent"]
[Black "Srdoc, Nenad"]
[Result "1-0"]
[WhiteElo "1979"]
[BlackElo "1981"]
[PlyCount "99"]
[EventDate "2009.09.27"]
[EventType "team"]
[EventRounds "11"]
[EventCountry "FRA"]
[Source "ChessBase"]
[SourceDate "2010.03.11"]

1. d4 d5 2. Nc3 c6 3. e4 dxe4 4. Nxe4 Nf6 5. Nxf6+ gxf6 6. c3 Bf5 7. Nf3 e6 8.
g3 Bd6 9. Bg2 Nd7 10. O-O Qc7 11. a4 O-O-O 12. a5 a6 13. Nh4 Bg6 14. b4 e5 15.
Be3 exd4 16. Bxd4 Be5 17. Nxg6 hxg6 18. Qb3 Rh7 19. f4 Bxd4+ 20. cxd4 Qd6 21.
d5 Kb8 22. Rfd1 c5 23. b5 Ka7 24. Rab1 Rb8 25. Qa4 Rhh8 26. Rb2 g5 27. Rdb1
gxf4 28. bxa6 bxa6 29. gxf4 Rxb2 30. Rxb2 Rc8 31. Qc4 Re8 32. Bh3 Qe7 33. Bxd7
Qe3+ 34. Rf2 Rg8+ 35. Kf1 Rb8 36. Qe2 Qc1+ 37. Kg2 Rg8+ 38. Kf3 Qh1+ 39. Rg2
Rxg2 40. Qxg2 Qd1+ 41. Kg3 Qe1+ 42. Qf2 Qxa5 43. Bc6 Qc3+ 44. Kg2 Kb6 45. h4
Qb4 46. h5 a5 47. h6 Qe4+ 48. Qf3 Qg6+ 49. Kf2 Qc2+ 50. Qe2 1-0

[Event "FRA-chT2 0910"]
[Site "France"]
[Date "2009.12.13"]
[Round "6.8"]
[White "Billard, Isabelle"]
[Black "Gauthier, Adrien"]
[Result "0-1"]
[WhiteElo "1432"]
[BlackElo "1780"]
[PlyCount "122"]
[EventDate "2009.09.27"]
[EventType "team"]
[EventRounds "11"]
[EventCountry "FRA"]
[Source "ChessBase"]
[SourceDate "2010.03.11"]

1. e4 d6 2. d4 Nf6 3. Nc3 g6 4. Nf3 Bg7 5. Be2 c5 6. dxc5 Qa5 7. cxd6 Nxe4 8.
O-O Nxd6 9. Bd2 Qd8 10. h3 O-O 11. Bd3 Nc6 12. a3 Ne5 13. Nxe5 Bxe5 14. Bh6 Re8
15. Re1 Bxc3 16. bxc3 Bf5 17. c4 Rc8 18. Qe2 e5 19. Qe3 b6 20. Rad1 Qe7 21. Qg3
Qf6 22. Bg5 Qg7 23. Bxf5 Nxf5 24. Qg4 f6 25. Bc1 Qc7 26. Qe4 Qxc4 27. Qxc4+
Rxc4 28. Rd7 Re7 29. Red1 Rxc2 30. Rd8+ Kf7 31. R8d2 Rec7 32. Rd7+ Rxd7 33.
Rxd7+ Ke6 34. Rd1 Nd4 35. Be3 Rc4 36. g4 b5 37. f4 a6 38. Kg2 Nc2 39. Rd3 Nxe3+
40. Rxe3 Rxf4 41. Rc3 Rc4 42. Rd3 Ke7 43. Kf2 Rd4 44. Rc3 Kd7 45. Ke3 h6 46.
Rb3 Rd1 47. Ke4 Rd4+ 48. Ke3 Kc6 49. Rc3+ Rc4 50. Rb3 a5 51. Kd2 Kc5 52. Rf3
Rf4 53. Rc3+ Kd5 54. Rc7 b4 55. axb4 axb4 56. Ke3 Rc4 57. Rf7 Rc6 58. Kf2 Rb6
59. Rh7 h5 60. gxh5 gxh5 61. Rxh5 b3 0-1

[Event "FRA-chT2 0910"]
[Site "France"]
[Date "2009.12.13"]
[Round "6.8"]
[White "Hourlier, Claire"]
[Black "Fischer, Julie"]
[Result "1/2-1/2"]
[WhiteElo "1928"]
[BlackElo "1707"]
[PlyCount "122"]
[EventDate "2009.09.27"]
[EventType "team"]
[EventRounds "11"]
[EventCountry "FRA"]
[Source "ChessBase"]
[SourceDate "2010.03.11"]

1. e4 d5 2. exd5 Qxd5 3. Nc3 Qd6 4. d4 Nf6 5. Bd3 Nc6 6. Nge2 e5 7. Nb5 Qd8 8.
Be3 Be6 9. dxe5 Nxe5 10. Nf4 Nxd3+ 11. Qxd3 Bb4+ 12. c3 Qxd3 13. Nxd3 Ba5 14.
Nc5 Bd5 15. Nb3 a6 16. Nd6+ Kd7 17. Nxa5 Kxd6 18. Bf4+ Kd7 19. O-O-O Kc8 20.
Nb3 b6 21. f3 Kb7 22. Be5 Be6 23. Rd2 Rae8 24. f4 Ne4 25. Re2 Bxb3 26. axb3 Nc5
27. b4 Nd3+ 28. Kd1 Nxe5 29. fxe5 Re7 30. Rf1 Rhe8 31. Ref2 Rd8+ 32. Rd2 Rxd2+
33. Kxd2 Kc6 34. Rf4 Kd5 35. Kd3 Kxe5 36. Rf1 f6 37. Ra1 Kf4 38. Rxa6 h5 39.
Ra1 Re3+ 40. Kd2 Re4 41. Ra7 Re7 42. b5 Ke5 43. Ra4 Kd5 44. Kd3 Kc5 45. c4 Rd7+
46. Kc3 f5 47. Ra1 g5 48. Rf1 f4 49. b4+ Kd6 50. Rd1+ Ke6 51. Rxd7 Kxd7 52. Kd4
Kd6 53. Ke4 Ke6 54. h4 Kf6 55. c5 Kg6 56. Ke5 Kh6 57. Kf5 gxh4 58. Kxf4 Kg6 59.
c6 Kf6 60. Ke4 Ke6 61. Kf4 Kf6 1/2-1/2

[Event "FRA-chT2 0910"]
[Site "France"]
[Date "2009.12.13"]
[Round "6.8"]
[White "Le Bail, Arielle"]
[Black "Millet, Maud"]
[Result "0-1"]
[WhiteElo "1854"]
[BlackElo "1960"]
[PlyCount "164"]
[EventDate "2009.09.27"]
[EventType "team"]
[EventRounds "11"]
[EventCountry "FRA"]
[Source "ChessBase"]
[SourceDate "2010.03.11"]

1. d4 d6 2. c4 Nf6 3. Nc3 Nbd7 4. e4 e5 5. Nf3 Be7 6. Be2 O-O 7. O-O c6 8. Be3
Re8 9. d5 Qc7 10. Nd2 a5 11. a3 Nc5 12. b4 Na6 13. Nb3 axb4 14. axb4 Bd7 15. b5
Nc5 16. Nxc5 dxc5 17. bxc6 bxc6 18. Qc2 Reb8 19. Ra2 Rxa2 20. Qxa2 h6 21. h3 g5
22. Ra1 Kg7 23. Qa5 Qxa5 24. Rxa5 cxd5 25. exd5 Rb3 26. Bd2 Rb2 27. Ra2 Rxa2
28. Nxa2 Ne4 29. Bc1 f5 30. Bb2 Kf6 31. Nc1 Nd2 32. Bd3 Ba4 33. f3 Bb3 34. Bc3
Bxc4 35. Bxd2 Bxd5 36. Bc3 c4 37. Be2 Bc5+ 38. Kf1 Bd4 39. Na2 Bf7 40. Ke1 f4
41. Kd1 Ke7 42. Kc2 Kd6 43. Bb4+ Kc6 44. Nc3 Bc5 45. Ba5 h5 46. Ne4 Bg6 47.
Bxc4 g4 48. Bd3 gxh3 49. gxh3 Bf5 50. Nxc5 Bxh3 51. Ne4 Bg2 52. Ng5 h4 53. Bf5
Kd6 54. Be1 Bxf3 55. Nxf3 h3 56. Bxh3 e4 57. Ng1 Ke5 58. Ne2 f3 59. Nc3 Kd4 60.
Bf2+ e3 61. Nb5+ Kc4 62. Nc3 Kd4 63. Nb5+ Ke4 64. Nd6+ Kf4 65. Be1 f2 66. Bc3
e2 67. Bd2+ Kf3 68. Nc4 f1=Q 69. Bxf1 exf1=Q 70. Kc3 Ke4 71. Nb2 Qb5 72. Kc2
Kf3 73. Kb1 Ke2 74. Bc1 Qf5+ 75. Ka2 Qc2 76. Bf4 Kf3 77. Bd6 Ke3 78. Be7 Qe4
79. Bc5+ Kd2 80. Ba3 Kc2 81. Bf8 Qd5+ 82. Ka3 Qb3# 0-1

[Event "FRA-chT2 0910"]
[Site "France"]
[Date "2009.12.13"]
[Round "6.8"]
[White "Le Berre, Tennessee"]
[Black "Tatard, Marie"]
[Result "0-1"]
[WhiteElo "1822"]
[BlackElo "1885"]
[PlyCount "100"]
[EventDate "2009.09.27"]
[EventType "team"]
[EventRounds "11"]
[EventCountry "FRA"]
[Source "ChessBase"]
[SourceDate "2010.03.11"]

1. e4 e6 2. d4 d5 3. Nc3 Nf6 4. e5 Nfd7 5. Qh5 a6 6. Nf3 c5 7. Bg5 Be7 8. h4
Nc6 9. Bxe7 Qxe7 10. Qg4 Kf8 11. dxc5 Ncxe5 12. Nxe5 Nxe5 13. Qg3 Nd7 14. O-O-O
Qxc5 15. h5 h6 16. Rh4 Nf6 17. Qe5 Qe7 18. Rf4 Bd7 19. Be2 Bc6 20. g4 Nd7 21.
Qc7 Rd8 22. Kb1 Nf6 23. Qb6 e5 24. Rf5 Rd7 25. f4 exf4 26. Rxf4 Qd6 27. Qf2 b5
28. Bf1 b4 29. Ne4 Nxe4 30. Rxe4 a5 31. Red4 Qf6 32. Qd2 Ke7 33. Re1+ Kd8 34.
Bg2 Re8 35. Rxe8+ Kxe8 36. a3 bxa3 37. bxa3 Rb7+ 38. Kc1 Rb5 39. Qe3+ Qe6 40.
Qc3 Kf8 41. Bf1 Rb8 42. Qc5+ Kg8 43. Rd1 Qxg4 44. Qxc6 Qf4+ 45. Rd2 Qxf1+ 46.
Rd1 Qf4+ 47. Rd2 d4 48. Qd7 Qe3 49. a4 Qh3 50. Kd1 Rb1+ 0-1

[Event "FRA-chT2 0910"]
[Site "France"]
[Date "2009.12.13"]
[Round "6.8"]
[White "Rascle, Adeline"]
[Black "Miller, Sophie"]
[Result "1-0"]
[WhiteElo "1576"]
[BlackElo "1810"]
[PlyCount "149"]
[EventDate "2009.09.27"]
[EventType "team"]
[EventRounds "11"]
[EventCountry "FRA"]
[Source "ChessBase"]
[SourceDate "2010.03.11"]

1. e4 d5 2. exd5 Qxd5 3. Nc3 Qa5 4. d4 Nf6 5. Bd3 c6 6. Nf3 Bg4 7. h3 Qh5 8.
Be2 e6 9. a3 Bd6 10. Be3 Nbd7 11. Qd2 O-O-O 12. O-O-O Bxf3 13. Bxf3 Qa5 14. Ne4
Qxd2+ 15. Rxd2 Nxe4 16. Bxe4 f5 17. Bf3 f4 18. Rd3 fxe3 19. fxe3 Nf6 20. Rc3
Nd5 21. Rd3 Be7 22. Bg4 Kd7 23. h4 Nf6 24. Bf3 Rhe8 25. Rb3 Kc7 26. Rd1 Nd5 27.
e4 Nb6 28. g3 Rf8 29. Re3 Bd6 30. e5 Be7 31. Bg4 Nd5 32. Red3 Kd7 33. c4 Nb6
34. Rc3 Ke8 35. Bxe6 Rf2 36. Bg4 g6 37. c5 Nd5 38. Rb3 Rb8 39. a4 h5 40. Be6
Nc7 41. Bh3 Rh2 42. Bf1 g5 43. hxg5 Bxg5+ 44. Kb1 a5 45. Bc4 Kd7 46. Rf1 Nd5
47. Rf7+ Be7 48. Rh7 Nb4 49. e6+ Kd8 50. Bf1 Rd2 51. Rc3 Rxd4 52. Rxh5 Rd1+ 53.
Rc1 Rxc1+ 54. Kxc1 Bxc5 55. Rxc5 Ke7 56. Bc4 Rg8 57. Rxa5 Rxg3 58. Rf5 Rg1+ 59.
Kd2 Rg2+ 60. Kc3 Nd5+ 61. Bxd5 cxd5 62. Rxd5 Kxe6 63. Rd3 Rg7 64. Kc4 Rc7+ 65.
Kb5 Rd7 66. Rxd7 Kxd7 67. Kb6 Kc8 68. a5 Kb8 69. a6 bxa6 70. Kxa6 Ka8 71. b3
Kb8 72. Kb6 Ka8 73. b4 Kb8 74. b5 Ka8 75. Kc7 1-0

[Event "FRA-chT2 0910"]
[Site "France"]
[Date "2009.12.13"]
[Round "6.8"]
[White "Soissong, Elzbieta"]
[Black "Giry, Jean Marc"]
[Result "0-1"]
[WhiteElo "1674"]
[BlackElo "2008"]
[PlyCount "158"]
[EventDate "2009.09.27"]
[EventType "team"]
[EventRounds "11"]
[EventCountry "FRA"]
[Source "ChessBase"]
[SourceDate "2010.03.11"]

1. d4 d5 2. Nf3 Nf6 3. e3 c6 4. Bd3 a6 5. Nbd2 g6 6. O-O Bg7 7. e4 dxe4 8. Nxe4
Nbd7 9. Re1 O-O 10. c3 Nxe4 11. Bxe4 Nf6 12. Bc2 b5 13. Bg5 Be6 14. Qd2 Qc7 15.
Rad1 Rad8 16. Qc1 Bg4 17. Rd3 Nd5 18. Bb3 Bf5 19. Rdd1 Bf6 20. h3 Qd6 21. Bh6
Bg7 22. Bxg7 Kxg7 23. Bxd5 cxd5 24. Qg5 f6 25. Qe3 Rf7 26. Re2 Bd7 27. Rde1 e6
28. Nh2 Rc8 29. f4 Rh8 30. g4 h5 31. g5 f5 32. Nf3 Bc8 33. Qe5+ Qxe5 34. Nxe5
Rc7 35. Nd3 Rc6 36. Nc5 Kf7 37. Nd3 Rd6 38. Ne5+ Kg7 39. b3 Re8 40. Rd2 Re7 41.
Rc1 Bd7 42. c4 dxc4 43. bxc4 bxc4 44. Nxd7 Rexd7 45. Rxc4 Kf7 46. Kf2 Rb6 47.
Ke3 Rb1 48. Rd3 Rh1 49. Ra4 Rxh3+ 50. Kd2 Rxd3+ 51. Kxd3 Ra7 52. Kc4 Ke7 53.
Kc5 Rc7+ 54. Kb6 Kd6 55. Kxa6 Kd5 56. Kb5 Rb7+ 57. Ka6 Rb8 58. Ka7 Rc8 59. Kb7
Rc4 60. Ra8 Rxd4 61. a4 Ke4 62. a5 Kxf4 63. a6 Ra4 64. Re8 e5 65. a7 e4 66.
a8=Q Rxa8 67. Kxa8 Kxg5 68. Kb7 Kf4 69. Kc6 h4 70. Kd5 h3 71. Kd4 Kf3 72. Rh8
Kg2 73. Rh6 g5 74. Rh5 g4 75. Rxf5 h2 76. Kxe4 h1=Q 77. Kf4 g3 78. Kg4 Qh3+ 79.
Kg5 Qxf5+ 0-1

[Event "FRA-chT2 0910"]
[Site "France"]
[Date "2009.12.13"]
[Round "6.8"]
[White "Vigneron, Jean"]
[Black "Cuffaro, Laetitia"]
[Result "1-0"]
[WhiteElo "1909"]
[BlackElo "1570"]
[PlyCount "173"]
[EventDate "2009.09.27"]
[EventType "team"]
[EventRounds "11"]
[EventCountry "FRA"]
[Source "ChessBase"]
[SourceDate "2010.03.11"]

1. d4 Nf6 2. Bf4 g6 3. e3 Bg7 4. Nf3 d6 5. h3 Nbd7 6. Be2 c6 7. O-O O-O 8. Bh2
Nb6 9. c4 Be6 10. Nbd2 Bf5 11. Nh4 Be6 12. Qc2 Ne8 13. Rac1 Rc8 14. Rfd1 f5 15.
f4 Nf6 16. Nhf3 h6 17. b4 Qe8 18. a4 Kh7 19. a5 Nbd7 20. Bg3 Ne4 21. Nxe4 fxe4
22. Nd2 Nf6 23. Nxe4 Nxe4 24. Qxe4 Bf5 25. Qf3 Be6 26. Bd3 d5 27. Qe2 b6 28.
axb6 axb6 29. c5 b5 30. Ra1 Ra8 31. Rxa8 Qxa8 32. Qb2 Qb7 33. Ra1 Ra8 34. Ra3
Bf6 35. Qa2 Rxa3 36. Qxa3 Bf5 37. Bxf5 gxf5 38. Qa5 e6 39. Bf2 Kg6 40. Kh2 Be7
41. Qa1 Bd8 42. Qe1 Qe7 43. g4 Qf6 44. Qg1 Kh7 45. Qa1 Qf7 46. Qa8 Qd7 47. Qb8
Qe7 48. Kg2 Qd7 49. Kf3 Qe7 50. Kg2 Qd7 51. Kf3 Qe7 52. Bg3 Qd7 53. Qa8 Kg7 54.
Qa1 Kh7 55. Kg2 Kg7 56. Qd1 Qf7 57. Qf3 Kh7 58. Kh2 Kg7 59. Qf2 Qe7 60. Kg2 Kh7
61. Qf3 Qf7 62. h4 Kh8 63. h5 Kg8 64. Kh3 Kh7 65. Bh4 Be7 66. Bxe7 Qxe7 67. Qg3
fxg4+ 68. Qxg4 Qf6 69. Kg3 Kh8 70. Kf2 Kh7 71. Kg3 Kh8 72. Qh4 Qg7+ 73. Kf3 Qf8
74. Qg4 Qf7 75. e4 dxe4+ 76. Kxe4 Qf6 77. f5 exf5+ 78. Qxf5 Qh4+ 79. Ke5 Qe7+
80. Qe6 Qc7+ 81. Kf5 Qh7+ 82. Ke5 Qc7+ 83. Qd6 Qh7 84. Qf8+ Qg8 85. Qxg8+ Kxg8
86. d5 cxd5 87. Kxd5 1-0

[Event "FRA-chT1 0910"]
[Site "France"]
[Date "2009.10.17"]
[Round "2.4"]
[White "Emmenecker, Philippe"]
[Black "Picard, Romain"]
[Result "1/2-1/2"]
[WhiteElo "2163"]
[BlackElo "2403"]
[PlyCount "34"]
[EventDate "2009.09.27"]
[EventType "team-match"]
[EventRounds "11"]
[EventCountry "FRA"]
[SourceDate "2009.07.26"]

1. d4 e6 2. Nf3 Nf6 3. c4 b6 4. g3 Bb4+ 5. Nbd2 Ba6 6. Qc2 Bb7 7. Bg2 c5 8.
dxc5 Bxc5 9. O-O O-O 10. e4 d6 11. a3 a5 12. b3 Nbd7 13. Bb2 Rc8 14. Qd3 d5 15.
cxd5 exd5 16. e5 Ne4 17. Nh4 Be7 1/2-1/2

[Event "FRA-chT1 0910"]
[Site "France"]
[Date "2009.10.17"]
[Round "2.3"]
[White "Tournier, Mathieu"]
[Black "Pile, Richard"]
[Result "1/2-1/2"]
[WhiteElo "2267"]
[BlackElo "2326"]
[PlyCount "35"]
[EventDate "2009.09.27"]
[EventType "team-match"]
[EventRounds "11"]
[EventCountry "FRA"]
[SourceDate "2009.07.26"]

1. e4 c5 2. c3 Nf6 3. e5 Nd5 4. d4 cxd4 5. Nf3 Nc6 6. Bc4 Nb6 7. Bb3 d5 8. exd6
Qxd6 9. O-O Be6 10. Na3 Bxb3 11. Qxb3 e6 12. Nb5 Qd7 13. Nbxd4 Nxd4 14. Nxd4
Be7 15. Rd1 O-O 16. Nf5 Qc7 17. Nxe7+ Qxe7 18. Be3 1/2-1/2

[Event "FRA-chT1 0910"]
[Site "France"]
[Date "2009.10.17"]
[Round "2.3"]
[White "Rabeyrin, Jean Jacques"]
[Black "Mullon, Jean Baptiste"]
[Result "0-1"]
[WhiteElo "2269"]
[BlackElo "2437"]
[PlyCount "146"]
[EventDate "2009.09.27"]
[EventType "team-match"]
[EventRounds "11"]
[EventCountry "FRA"]
[SourceDate "2009.07.26"]
[BlackTeam "Clichy"]

1. e4 c5 2. Nf3 e6 3. d4 cxd4 4. Nxd4 a6 5. Bd3 Bc5 6. Nb3 Be7 7. Qg4 g6 8. Nc3
(8. Qe2 {[%cal Ge4e5]} d6 9. O-O Nd7 10. c4 b6 11. Nc3 Qc7 12. f4 Ngf6 13. f5
Ne5 ({RR} 13... gxf5 14. exf5 e5 15. Be4 Nxe4 16. Nd5 Qb7 17. Qxe4 Nf6 18. Qf3
Nxd5 19. cxd5 Qd7 20. Be3 Bb7 21. f6 Bf8 22. a4 Rg8 23. h3 Rb8 24. Kh2 Ba8 25.
Qe4 Qb7 26. Rad1 Rg6 27. Rd2 Rc8 28. Rff2 {Geller,J (2494)-Kobalia,M (2643)/
Moscow 2004/EXT 2005/0-1 (42)}) 14. Bh6 Nfg4 $5 $13) 8... d6 9. O-O Nc6 10. f4
(10. a4 $142) 10... b5 11. a4 b4 12. Nd1 (12. Na2 $143 {[%cal Gc1d2]} Qb6+ {
[%cal Gb6b4]}) 12... Nf6 13. Qe2 O-O 14. Nf2 $6 (14. c3 $2 bxc3 15. Nxc3 Qb6+ {
[%cal Gb6b3,Gb6g1]}) (14. f5 $142 Ne5 15. Bh6 Re8 16. Ne3 $11) 14... Qc7 15.
Be3 e5 16. Nd2 exf4 17. Bxf4 Ne5 18. Nc4 Be6 19. Nxe5 dxe5 20. Bh6 Rfd8 21. b3
a5 22. Kh1 Nh5 23. Rad1 Rac8 24. Qf3 Bf8 25. Bg5 Be7 26. Bh6 Rd4 27. Be3 Rd7
28. Ng4 f6 $15 29. Nh6+ Kg7 30. Ng4 $6 Rcd8 (30... Nf4 $1 {[%csl Gf4]}) 31. Nf2
Nf4 (31... Bc5 $17 {[%csl Rd3]}) 32. Bxf4 exf4 33. h3 h5 $17 34. Rd2 Rh8 35.
Nd1 g5 36. Re2 Bg4 37. Qf2 Bc5 38. Qe1 Qe5 39. Ref2 Bxd1 40. Qxd1 Bxf2 41. Rxf2
h4 42. Qg4 Re7 43. Rf1 Qe6 44. Qf3 Rd8 45. Rd1 Qe5 46. Rf1 Qc5 47. Qg4 Qe3 48.
Rf3 Qe1+ 49. Rf1 Qg3 50. Qe2 Qe3 51. Qxe3 fxe3 52. Re1 f5 53. exf5 Kf6 54. Kg1
Rd4 55. g3 hxg3 56. Kg2 Rh4 57. Kxg3 Rf4 58. Re2 Re5 59. Kg2 Ke7 60. Kg3 Kd6
61. Kg2 Kc5 62. Kg3 Kd4 63. Re1 Kc3 64. Re2 Rd4 65. Bc4 Rd2 66. Kg4 Rxe2 67.
Bxe2 Kd2 68. Bd3 e2 69. Bxe2 Rxe2 70. Kxg5 Kxc2 71. f6 Kxb3 72. f7 Rf2 73. Kg6
Kxa4 0-1

[Event "FRA-chT1 0910"]
[Site "France"]
[Date "2009.10.18"]
[Round "3.7"]
[White "Roumegous, Etienne"]
[Black "Couche, Didier"]
[Result "1/2-1/2"]
[WhiteElo "2176"]
[BlackElo "2144"]
[PlyCount "31"]
[EventDate "2009.09.27"]
[EventType "team-match"]
[EventRounds "11"]
[EventCountry "FRA"]
[SourceDate "2009.07.26"]

1. d4 d5 2. c4 c6 3. Nc3 Nf6 4. Nf3 dxc4 5. Ne5 b5 6. g3 Bb7 7. Bg2 a6 8. e3 e6
9. O-O Bd6 10. f4 O-O 11. a4 Nd5 12. Ne4 Be7 13. b3 c3 14. Qd3 b4 15. a5 Nd7
16. Qc4 1/2-1/2

[Event "FRA-chT1 0910"]
[Site "France"]
[Date "2009.10.18"]
[Round "3.8"]
[White "Le Bail, Clara"]
[Black "Chaumont, Adeline"]
[Result "1-0"]
[WhiteElo "2057"]
[BlackElo "2049"]
[PlyCount "37"]
[EventDate "2009.09.27"]
[EventType "team-match"]
[EventRounds "11"]
[EventCountry "FRA"]
[SourceDate "2009.07.26"]

1. e4 c6 2. d4 d5 3. exd5 cxd5 4. c4 Nf6 5. Nc3 Nc6 6. Bg5 dxc4 7. d5 Ne5 8.
Qd4 Nd3+ 9. Bxd3 cxd3 10. Nf3 Qb6 11. Qxd3 h6 12. Be3 Qa5 13. O-O a6 14. Ne5 e6
15. Nc4 Qd8 16. Bb6 Qd7 17. d6 Qc6 18. Rfe1 Nd7 19. Rxe6+ 1-0

[Event "FRA-chT1 0910"]
[Site "France"]
[Date "2009.10.18"]
[Round "3.1"]
[White "Pham Minh Hoang"]
[Black "Glavina Rossi, Pablo"]
[Result "1/2-1/2"]
[WhiteElo "2487"]
[BlackElo "2460"]
[PlyCount "87"]
[EventDate "2009.09.27"]
[EventType "team-match"]
[EventRounds "11"]
[EventCountry "FRA"]
[SourceDate "2009.07.26"]
[WhiteTeam "Sautron"]
[BlackTeam "Niort"]

1. d4 Nf6 2. c4 e6 3. Nc3 Bb4 4. e3 b6 5. Bd3 Bb7 6. f3 $6 (6. Nf3 $142) 6...
O-O (6... c5 $132) 7. Nge2 c5 8. a3 Bxc3+ ({RR} 8... cxd4 9. exd4 Be7 10. O-O
d5 11. cxd5 Nxd5 12. Be4 Nc6 13. Nxd5 {1/2-1/2 Cvitan,O (2520)-Lalic,B (2495)/
Yugoslavia 1988/EXT 1997}) 9. Nxc3 d5 10. O-O $146 ({RR} 10. dxc5 bxc5 11. O-O
Nc6 12. cxd5 exd5 13. e4 d4 14. Na4 Nd7 15. Bf4 Qe7 16. Rc1 Rfc8 17. Rf2 Nd8
18. Bg3 Ne6 19. Bc4 Bc6 20. Bxe6 fxe6 21. Qb3 Bxa4 22. Qxa4 Nb6 23. Qd1 e5 24.
b3 a5 {Maiztegui Casas,L-Franco Ocampos,Z (2495)/Pamplona 1991/EXT 2000/0-1 
(50)}) 10... cxd4 11. exd4 dxc4 12. Bxc4 Nc6 $15 {[%csl Rd4,Re3,Rf3]
L'ouverture a confirmé la réputation théorique douteuse de la variante 6.f3}
13. Be3 Na5 $6 (13... Rc8 14. Bd3 Nxd4 15. Bxh7+ Kxh7 16. Bxd4 Nd5 17. Re1 Kg8)
14. Bd3 Rc8 15. Qe2 Nd5 {[%csl Gd5]} 16. Nxd5 Bxd5 17. Rac1 Qd6 18. Ba6 Rxc1
19. Rxc1 Ba8 20. Rc3 Nc6 21. Rd3 Ne7 22. Bf2 Qd7 23. Rd2 Bb7 24. Bb5 Bc6 25.
Bd3 Rc8 26. Rc2 Bb7 (26... Nf5 {[%csl Rd4]}) 27. Rxc8+ Qxc8 28. Qc2 Qxc2 29.
Bxc2 f5 30. Bg3 Kf7 31. Kf2 g5 32. Bd6 h5 33. g3 g4 34. Bxe7 Kxe7 35. f4 Kd6
36. Ke3 b5 37. Bd3 Bc6 38. Bc2 a5 39. b4 axb4 40. axb4 Kd5 41. Kd3 Kd6 42. h4
Kd5 43. Kc3 Kd6 44. Kd3 1/2-1/2

[Event "FRA-chT1 0910"]
[Site "France"]
[Date "2009.10.18"]
[Round "3.6"]
[White "Gosset, Arnaud"]
[Black "Sorin, Baptiste"]
[Result "1/2-1/2"]
[WhiteElo "2193"]
[BlackElo "2219"]
[PlyCount "34"]
[EventDate "2009.09.27"]
[EventType "team-match"]
[EventRounds "11"]
[EventCountry "FRA"]
[SourceDate "2009.07.26"]

1. Nf3 d5 2. d4 Nf6 3. c4 e6 4. Nc3 Be7 5. Bg5 O-O 6. e3 Nbd7 7. Rc1 b6 8. cxd5
exd5 9. Qa4 Bb7 10. Ba6 Bxa6 11. Qxa6 c5 12. O-O Qc8 13. Qxc8 Raxc8 14. dxc5
Rxc5 15. Nd4 h6 16. Nf5 Re8 17. Bf4 Bf8 1/2-1/2

[Event "FRA-chT1 0910"]
[Site "France"]
[Date "2009.11.21"]
[Round "4.1"]
[White "Gharamian, Tigran"]
[Black "Kozakov, Mikhail"]
[Result "1/2-1/2"]
[WhiteElo "2614"]
[BlackElo "2437"]
[PlyCount "45"]
[EventDate "2009.09.27"]
[EventType "team-match"]
[EventRounds "11"]
[EventCountry "FRA"]
[SourceDate "2009.07.26"]
[WhiteTeam "Cappelle"]
[BlackTeam "Bois-Colombes"]

1. e4 e5 2. Nf3 Nc6 3. Bb5 a6 4. Ba4 Nf6 5. O-O Be7 6. Re1 d6 7. Bxc6+ bxc6 8.
d4 exd4 9. Nxd4 Bd7 10. Qf3 O-O 11. h3 Re8 12. c4 h6 13. Nc3 Nh7 14. Bf4 Bf6
15. Rad1 Qb8 16. b3 Ng5 17. Qd3 Bxd4 18. Qxd4 Ne6 19. Qd2 Nxf4 20. Qxf4 Qb4 21.
Qd2 f6 22. Re3 a5 23. Rg3 1/2-1/2

[Event "FRA-chT1 0910"]
[Site "France"]
[Date "2009.11.21"]
[Round "4.2"]
[White "Chomet, Pascal"]
[Black "Winants, Luc"]
[Result "0-1"]
[WhiteElo "2333"]
[BlackElo "2527"]
[PlyCount "43"]
[EventDate "2009.09.27"]
[EventType "team-match"]
[EventRounds "11"]
[EventCountry "FRA"]
[SourceDate "2009.07.26"]
[WhiteTeam "Bois-Colombes"]
[BlackTeam "Cappelle"]

1. e4 e5 2. Nf3 Nc6 3. Bb5 a6 4. Ba4 d6 5. c3 Bd7 6. d4 g6 7. O-O Bg7 8. Bg5 f6
9. Be3 Nh6 10. dxe5 dxe5 11. Bc5 Bf8 12. Bxf8 Kxf8 13. Nbd2 Qe7 14. Qe2 Kg7 15.
h3 Nd8 16. Bxd7 Qxd7 17. Rfd1 Qe7 18. Qe3 Ne6 19. Nc4 Rhd8 20. Na5 c5 21. Rd5
Nf4 22. Rdd1 {suite illisible} 0-1

[Event "FRA-chT1 0910"]
[Site "France"]
[Date "2009.11.21"]
[Round "4.4"]
[White "Metzger, Clement"]
[Black "Jossien, Arnaud"]
[Result "1-0"]
[WhiteElo "2189"]
[BlackElo "2363"]
[PlyCount "35"]
[EventDate "2009.09.27"]
[EventType "team-match"]
[EventRounds "11"]
[EventCountry "FRA"]
[SourceDate "2009.07.26"]

1. e4 d6 2. d4 g6 3. Nf3 Bg7 4. Bc4 c6 5. Nc3 Nf6 6. O-O d5 7. Bd3 dxe4 8. Nxe4
O-O 9. h3 Nbd7 10. c4 Nxe4 11. Bxe4 Qb6 12. Rb1 Qa6 13. Qc2 Nf6 14. Bd3 Qxa2
15. Bd2 Qa6 16. Ra1 Qb6 17. Ba5 Qa6 18. Bc7 1-0